| 000 | 00763nam a22002297a 4500 | ||
|---|---|---|---|
| 999 |
_c20890 _d20890 |
||
| 003 | AR-CdUCM | ||
| 008 | 190402b ||||| |||| 00| 0 spa d | ||
| 040 |
_aMUNICIPALIDAD PROVINCIAL DEL CUSCO _cBIBLIOTECA MUNICIPAL DEL CUSCO |
||
| 082 |
_aEP / 372.64 / _bAN61 |
||
| 100 |
_aLofgren, A. _928056 |
||
| 245 | _aEl mundo de los animales raros / | ||
| 260 |
_bMolino, _aBarcelona : _c1961. |
||
| 300 |
_bIlustraciones, _c34 cm. _a27 páginas ; |
||
| 505 | _aContenido : El colobo -- El panda -- La mofeta -- El elefante marino... | ||
| 650 |
_aLiteratura infantil _9588 |
||
| 650 |
_aAnimales _9917 |
||
| 650 |
_aHábitat _94961 |
||
| 700 |
_aWiberg, Harald (ilustración) _943598 |
||
| 700 |
_aLarraya,Tomás G. _943599 |
||
| 942 |
_2ddc _cLIBROS |
||
| 945 | _arcc | ||